| 000 | 00900nam a2200241 i 4500 | ||
|---|---|---|---|
| 005 | 20251108191214.0 | ||
| 008 | 250906s2025 ua ||||gr|||| 00| 0 ara d | ||
| 020 | _a9789774081390 | ||
| 040 |
_aJO-AmGAM _erda |
||
| 082 | 1 | 4 |
_a658.45 _bم ا ي |
| 100 | 1 |
_aماير، روبرت _eمؤلف. |
|
| 245 | 1 | 0 |
_aادارة المواجهة / _cروبرت ماير ؛ اعداد قسم الترجمة بدار الفاروق. |
| 250 | _aالطبعة التاسعة. | ||
| 264 | 3 | 1 |
_aالقاهرة : _bدار الفاروق للاستثمارات الثقافية، _c2025. |
| 336 |
_2rdacontent _aنص _btxt |
||
| 337 |
_2rdamedia _aدون وسيط عرض _bn |
||
| 338 |
_2rdacarrier _aمجلد _bnc |
||
| 650 | 1 | 7 | _aادارة المواجهة. |
| 650 | 1 | 7 | _aالتفاوض. |
| 710 | 2 |
_aقسم الترجمة بدار الفاروق. _eمترجم. |
|
| 942 |
_cBK _2ddc |
||
| 999 |
_c247097 _d247097 |
||